Кремълските принцеси (Запис номер 88313)
[ съкратено ]
| 000 -Лидер | |
|---|---|
| Контролно поле с фиксирана дължина | 01941nam a2200409 c 4500 |
| 003 - Код на организацията, давaща контролен номер | |
| Контролно поле | BLK |
| 005 - Дата и час на последна редакция | |
| Контролно поле | 20231031105824.0 |
| 008 - Елементи от данни с фиксирана дължина | |
| fixed length control field | 180408b bul|||||r ||||||| ||bul|| |
| 010 ## - Наследен системен номер | |
| LC control number | KNG00092975000 |
| 020 ## - Международен стандартен номер на книга ISBN | |
| Международен стандартен номер на книга ISBN | 978-954-792-334-8 |
| -- | издат.: СКОРПИО ви |
| 040 ## - Източник на каталожния запис | |
| Идентификатор на билиотеката - собственик на записа | BLK |
| 041 ## - Код за език | |
| Код за езика на текст/звукозапис или на отделно заглавие | Български |
| Код за езика КДБФ | Български |
| 080 ## - УДК | |
| Текстов определител УДК | Жената и политиката. Женско движение - Женски организации. Международен ден на жената. Участие на жените в обществено-политическия живот |
| УДК код - определител по УДК | 396.9 |
| УДК определител | (470)(092)(0:82-94) |
| УДК - код + определител | 396.9(470)(092)(0:82-94) |
| 080 ## - УДК | |
| Текстов определител УДК | Руска литература |
| УДК код - определител по УДК | 821.161.1 |
| УДК определител | -94 |
| УДК - код + определител | 821.161.1-94 |
| 080 ## - УДК | |
| Текстов определител УДК | Биографии |
| УДК код - определител по УДК | 929 |
| УДК определител | (47+57) |
| УДК - код + определител | 929(47+57) |
| 100 1# - Редна дума - Автор | |
| Автор | Мамин, Владимир |
| Авторска отговорност | първи автор |
| R(LIN) | 303106 |
| 139 ## - Редно поле | |
| Редна дума | Мамин, Владимир |
| Авторски знак | Мам - М 24 |
| 245 10 - Сведения за заглавието | |
| Заглавие | Кремълските принцеси |
| Подзаглавни данни | Драмата на живота - любов и власт |
| Редно поле (дума) | Владимир Мамин; прев. от рус. Цветанка Накова. |
| 257 ## - Страна на издаване | |
| Страна на създаване/издаване | Русия |
| 260 ## - Област на издателските данни | |
| -- | София |
| Име на издателя, разпространителя и проч. | СКОРПИО ви |
| Година на издаване | 2009 |
| 300 ## - Физическа характеристика | |
| Страници | 160 с. |
| Илюстрации и др. | със сн. |
| Размери/Мащаб | 20 см |
| 380 ## - Жанр | |
| Жанр | Обществени науки |
| 490 1# - СЕРИИ (Колекции) | |
| Име на серия | Лабиринти на истината |
| 500 ## - Общи забележки | |
| Забележка | Ориг. загл. Кремлевские "принцессы" : Драма жизни : любовь и власть / В. Мамин. |
| 650 #0 - Допълнително описание по предмет – тема | |
| Основно описание – тема или топоним | Жени, прочути - биографии |
| 9 (RLIN) | 303107 |
| 651 #4 - Допълнително описание по предмет - топоним | |
| Географско понятие | СССР |
| 9 (RLIN) | 179592 |
| 651 #4 - Допълнително описание по предмет - топоним | |
| Географско понятие | Русия |
| 9 (RLIN) | 179465 |
| 653 ## - Ключова дума – ненормативна | |
| Ключова дума | вътрешна политика |
| 653 ## - Ключова дума – ненормативна | |
| Ключова дума | история |
| 700 1# - Други автори (авторска отговорност) | |
| Лично име | Накова, Цветанка |
| Автороска отговорност (Описва отношението между автора и произведението) | прев. от рус. |
| 9 (RLIN) | 371074 |
| 852 ## - Местоположение | |
| Форматна сигнатура | Цб 246219 |
| 856 4# - Електронен адрес и достъп | |
| Електронен формат | pdf - файл |
| Път до файла /url/ | |
| 856 4# - Електронен адрес и достъп | |
| Електронен формат | pdf - файл |
| Път до файла /url/ | |
| 942 ## - АРТИКУЛИ | |
| Вид на библиотечния материал | Книги |
| Скрит в OPAC | Не |
| Koha issues (borrowed), all copies | 1 |
| 944 ## - СЪЗДАВАНЕ И РЕДАКЦИЯ на ЗАПИСА | |
| Създаване/Редакция | Създаване |
| Дата на регистрацията/редакция | 10.12.2009 |
| Статус, дата на статуса | Нора Радева |
| Служител, извършил регистрацията/редакцията | 30545 |
| 944 ## - СЪЗДАВАНЕ И РЕДАКЦИЯ на ЗАПИСА | |
| Създаване/Редакция | Редакция |
| Дата на регистрацията/редакция | 07.06.2011 |
| Статус, дата на статуса | ф / |
| Служител, извършил регистрацията/редакцията | |
| 999 ## - СИСТЕМНИ КОНТРОЛНИ НОМЕРА | |
| Koha biblionumber | 88313 |
| Koha biblioitemnumber | 88313 |
| Код за отписване | Код за изгубен артикул | Код за повреда | Коз за рестрикции | Код за отдаване | Артикулен № | Име на библиотеката - собственик | Име на библиотеката, в която се намира в момента | Статус (Текущо местоположение) | Дата на вписване в системата | Местоположение - отдел | Цена в лева | Инвентарен номер | Систематично азбучна сигнатура | Баркод | Номер на екземпляра | Цена в евро | Служебна бележка | Служебен тип на артикула |
|---|---|---|---|---|---|---|---|---|---|---|---|---|---|---|---|---|---|---|
| Не е изгубен | Не е повреден | без рестрикции | заемане за дома | 143138 | Регионална библиотека "Любен Каравелов" Русе | Регионална библиотека "Любен Каравелов" Русе | Заемна - подръчен фонд | 2009-12-10 | Заемна - подръчен фонд | 10.00 | 120000740293 | П 323(4)(092)/М 24 | 120000740293 | 1 | 5.11 | Дост: Pk Вид: Ф N: 62 Дата: 09.12.2009 Дата инв: 02.02.2018 Бележки инв: П2018 | Книги | |
| Не е изгубен | Не е повреден | без рестрикции | ползва се в читалня | 143139 | Регионална библиотека "Любен Каравелов" Русе | Регионална библиотека "Любен Каравелов" Русе | Хранилище | 2011-02-21 | Хранилище | 10.00 | 120000749376 | Цб 246219 | 120000749376 | 2 | 5.11 | Дост: Dp Вид: Д N: 23 Дата: 09.06.2010 | Книги |